Стилістичні та лексичні особливості промов генерал-губернатора Австралії Квентін Брайс (Запис № 285471)
[ простий вигляд ]
| 000 -LEADER | |
|---|---|
| fixed length control field | 01959nam a22001577a 4500 |
| 041 ## - LANGUAGE CODE | |
| Language code of text/sound track or separate title | ukr |
| 080 ## - UNIVERSAL DECIMAL CLASSIFICATION NUMBER | |
| Universal Decimal Classification number | 09 |
| 090 ## - LOCALLY ASSIGNED LC-TYPE CALL NUMBER (OCLC); LOCAL CALL NUMBER (OCLC) | |
| Local cutter number (OCLC) ; Book number/undivided call number, CALL (RLIN) | ГРЕ |
| 100 ## - MAIN ENTRY--PERSONAL NAME | |
| Personal name | Гребенюк, Е. В. |
| 245 ## - TITLE STATEMENT | |
| Title | Стилістичні та лексичні особливості промов генерал-губернатора Австралії Квентін Брайс |
| 260 ## - PUBLICATION, DISTRIBUTION, ETC. (IMPRINT) | |
| Place of publication, distribution, etc | Острог |
| Name of publisher, distributor, etc | КАФ |
| Date of publication, distribution, etc | 2014 |
| 300 ## - PHYSICAL DESCRIPTION | |
| Extent | 81 |
| 520 ## - SUMMARY, ETC. | |
| Summary, etc | Вступ.<br/>Розділ І. Політичний дискурс та його специфіка у сучасній лінгвістиці.<br/>1.1. Підходи науковців до тлумачення поняття політичного дискурсу<br/>1.2. Роль політичних промов у політичному дискурсі<br/>1.3. Стилістичні засоби у політичних промовах<br/>1.4. Лексичні засоби у політичних промовах<br/>Розділ ІІ. Класифікація стлістичних засобів та прийомів політичних промов генерал-губернатора Австралії Квентін Брайс.<br/>2.1. Використання лексико-семантичних засобів<br/>2.1.1. Метафора<br/>2.1.2. Епітет<br/>2.1.3. Гіпербола<br/>2.1.4. Синекдоха<br/>2.2. Синтактико-стилістичні прийоми<br/>2.2.1. Перелік<br/>2.2.2. Речення зі вставними компонентами<br/>2.2.3. Асиндетон<br/>Розділ ІІІ. Використання онімів у політичних промовах Квентін Брайс.<br/>3.1. Антропоніми<br/>3.2. Топоніми<br/>3.3. Хрононіми<br/>3.4. Ергоніми<br/>Висновки.<br/>Список використаних джерел.<br/>Додатки. |
| -- | політичний дискурс, оніми, Австралія, промова |
| 650 ## - SUBJECT ADDED ENTRY--TOPICAL TERM | |
| Topical term or geographic name as entry element | Research Papers |
| 942 ## - ADDED ENTRY ELEMENTS (KOHA) | |
| Koha item type | Книги |
| Withdrawn status | Lost status | Source of classification or shelving scheme | Damaged status | Not for loan | Home library | Current library | Date acquired | Source of acquisition | Cost, normal purchase price | Total Checkouts | Full call number | Barcode | Date last seen | Price effective from | Koha item type |
|---|---|---|---|---|---|---|---|---|---|---|---|---|---|---|---|
| Universal Decimal Classification | ВІЛ - Відділ іноземн. літератури НБ | ВІЛ - Відділ іноземн. літератури НБ | 17/06/2014 | Акт №8 | 1.00 | 09 | 215433 | 09/11/2021 | 17/06/2014 | Книги |